প্রবন্ধসংগ্রহ /

Dades bibliogràfiques
Autor principal: চৌধুরী, প্রমথ
Format: Llibre
Idioma:Bengali
Publicat: কলকাতা : বিশ্বভারতী, ২০০৩.
Matèries:
Classic Catalogue: View this record in Classic Catalogue
LEADER 01073nam a22002657a 4500
001 35941
003 BD-DhAAL
005 20250622110349.0
008 211117r20031952ii ||||| |||| 00| 0 ben d
020 |a 8175221739 
040 |a BD-DhAAL  |d BD-DhAAL 
041 |a ben 
082 |a 891.440995492 
100 |a চৌধুরী, প্রমথ.  |9 42767 
245 |a প্রবন্ধসংগ্রহ /  |c প্রমথ চৌধুরী. 
260 |a কলকাতা :  |b বিশ্বভারতী,  |c ২০০৩. 
300 |a ৫১০ পৃষ্ঠা ;  |c ২১ সে.মি. 
526 |a BIED 
541 |a Complimentary copy from BIED  |e 35941 
650 |a Bengali essays.  |9 42806 
650 |a Bengali literature. 
650 |a বাংলা প্রবন্ধ. 
942 |2 ddc  |c BK 
999 |c 43330  |d 43330 
952 |0 0  |1 0  |2 ddc  |4 0  |6 891_440995492000000_CHO  |7 0  |9 69508  |a BRACUL  |b BRACUL  |c GEN  |d 2021-11-18  |e Complimentary copy from BIED  |l 1  |m 5  |o 891.440995492 CHO  |p 3010035941  |r 2025-09-02  |s 2025-07-22  |t 1  |w 2021-11-18  |y BK  |x Transferred from BIED to General Stacks